00340nam a2200109 a 4500008004100000050001800041100001800059245006800077260005900145300001700204350000900221120416s1982 ||||||||||||||||| || u aHV 801.L5 Des aChan, Stephen10aDesign of training programmes for youthcedited by Stephen Chan aLusakabCommonwealth Youth programme Africa Centc1982 a120p. : ill. a0.00